| 000 | 00627nam a2200217Ia 4500 | ||
|---|---|---|---|
| 005 | 20250508164621.0 | ||
| 008 | 008 250505s9999 xx 000 0 eng d | ||
| 020 | _a81-87100-07-9 | ||
| 037 | _aReference | ||
| 040 |
_aFEDL _beng _cFEDL |
||
| 041 |
_aeng _2eng |
||
| 084 |
_a371.2, BUS _qFEDL |
||
| 100 |
_aBush Tony _9597576 |
||
| 245 | 0 | _aLeadership and management development in education | |
| 260 |
_aLondon, UK _bSage Publications Ltd _c2008 |
||
| 300 | _axiii,169p. | ||
| 365 |
_aGBP _b22.99 |
||
| 650 |
_aEducational administration _9778153 |
||
| 942 |
_cREF _h371.2, BUS |
||
| 999 |
_c1390156 _d1390156 |
||